<?xml version="1.0" encoding="UTF-8"?>
<record
    xmlns:xsi="http://www.w3.org/2001/XMLSchema-instance"
    xsi:schemaLocation="http://www.loc.gov/MARC21/slim http://www.loc.gov/standards/marcxml/schema/MARC21slim.xsd"
    xmlns="http://www.loc.gov/MARC21/slim">

  <leader>02261cam a2200349 a 4500</leader>
  <controlfield tag="003">EG-GiCUC</controlfield>
  <controlfield tag="005">20250223031640.0</controlfield>
  <controlfield tag="008">170615s2016    ua dh  f m    000 0 eng d</controlfield>
  <datafield tag="040" ind1=" " ind2=" ">
    <subfield code="a">EG-GiCUC</subfield>
    <subfield code="b">eng</subfield>
    <subfield code="c">EG-GiCUC</subfield>
  </datafield>
  <datafield tag="041" ind1="0" ind2=" ">
    <subfield code="a">eng</subfield>
  </datafield>
  <datafield tag="049" ind1=" " ind2=" ">
    <subfield code="a">Deposite  </subfield>
  </datafield>
  <datafield tag="097" ind1=" " ind2=" ">
    <subfield code="a">M.Sc </subfield>
  </datafield>
  <datafield tag="099" ind1=" " ind2=" ">
    <subfield code="a">Cai01.11.28.M.Sc.2016.Bi.S</subfield>
  </datafield>
  <datafield tag="100" ind1="0" ind2=" ">
    <subfield code="a">Bishoy Ibrahim Halim Khalifa</subfield>
  </datafield>
  <datafield tag="245" ind1="1" ind2="0">
    <subfield code="a">Serum ferritin level as a marker of disease activity and renal involvement in Egyptian children with Juvenile Systemic Lupus Erythematosus / </subfield>
    <subfield code="c">Bishoy Ibrahim Halim Khalifa ; Supervised Samia Salah Eldin Mahmoud , Yomna Mohamed Farag , Doaa Mohamed Geith</subfield>
  </datafield>
  <datafield tag="246" ind1="1" ind2="5">
    <subfield code="a">&#x645;&#x633;&#x62A;&#x648;&#x649; &#x627;&#x644;&#x641;&#x64A;&#x631;&#x64A;&#x62A;&#x64A;&#x646; &#x641;&#x649; &#x627;&#x644;&#x62F;&#x645; &#x643;&#x639;&#x644;&#x627;&#x645;&#x629; &#x645;&#x646; &#x639;&#x644;&#x627;&#x645;&#x627;&#x62A; &#x646;&#x634;&#x627;&#x637; &#x627;&#x644;&#x645;&#x631;&#x636; &#x648; &#x62A;&#x623;&#x62B;&#x631; &#x627;&#x644;&#x643;&#x644;&#x649; &#x641;&#x649; &#x62D;&#x627;&#x644;&#x627;&#x62A; &#x627;&#x644;&#x630;&#x626;&#x628;&#x629; &#x627;&#x644;&#x62D;&#x645;&#x631;&#x627;&#x621; &#x627;&#x644;&#x635;&#x628;&#x64A;&#x627;&#x646;&#x649; &#x641;&#x64A; &#x627;&#x644;&#x623;&#x637;&#x641;&#x627;&#x644; &#x627;&#x644;&#x645;&#x635;&#x631;&#x64A;&#x64A;&#x646;</subfield>
  </datafield>
  <datafield tag="260" ind1=" " ind2=" ">
    <subfield code="a">Cairo : </subfield>
    <subfield code="b">Bishoy Ibrahim Halim Khalifa , </subfield>
    <subfield code="c">2016</subfield>
  </datafield>
  <datafield tag="300" ind1=" " ind2=" ">
    <subfield code="a">103 P. : </subfield>
    <subfield code="b">charts , facsimiles ; </subfield>
    <subfield code="c">25cm</subfield>
  </datafield>
  <datafield tag="502" ind1=" " ind2=" ">
    <subfield code="a">Thesis (M.Sc.) - Cairo University - Faculty of Medicine - Department of Pediatrics</subfield>
  </datafield>
  <datafield tag="520" ind1=" " ind2=" ">
    <subfield code="a">Juvenile systemic lupus erythematosus (JSLE) is a multi-system autoimmune disease associated with formation of auto-antibodies. Higher serum ferritin levels have been observed in inflammatory conditions as SO JIA &amp; MAS. This study assesses its use as a marker of disease activity &amp; lupus nephritis in JSLE. This is a cross-sectional study conducted on 48 JSLE  patients  and 43 healthy controls. Serum ferritin level was measured using ELISA technique. Our results showed that serum ferritin is significantly higher in JSLE patients compared with controls. Also, it has positive correlation with SLEDAI-2K, renal SLEDAI,SLICC renal activity score, C3 and anti ds DNA level. Therefore, serum ferritin can be used as a marker for disease activity&amp; renal activity</subfield>
  </datafield>
  <datafield tag="530" ind1=" " ind2=" ">
    <subfield code="a">Issued also as CD</subfield>
  </datafield>
  <datafield tag="653" ind1=" " ind2="4">
    <subfield code="a">JSLE</subfield>
  </datafield>
  <datafield tag="653" ind1=" " ind2="4">
    <subfield code="a">Lupus nephritis</subfield>
  </datafield>
  <datafield tag="653" ind1=" " ind2="4">
    <subfield code="a">Serum ferritin</subfield>
  </datafield>
  <datafield tag="700" ind1="0" ind2=" ">
    <subfield code="a">Doaa Mohamed Geith , </subfield>
    <subfield code="e">Supervisor</subfield>
  </datafield>
  <datafield tag="700" ind1="0" ind2=" ">
    <subfield code="a">Samia Salah Eldin Mahmoud , </subfield>
    <subfield code="e">Supervisor</subfield>
  </datafield>
  <datafield tag="700" ind1="0" ind2=" ">
    <subfield code="a">Yomna Mohamed Farag , </subfield>
    <subfield code="e">Supervisor</subfield>
  </datafield>
  <datafield tag="856" ind1=" " ind2=" ">
    <subfield code="u">http://172.23.153.220/th.pdf</subfield>
  </datafield>
  <datafield tag="905" ind1=" " ind2=" ">
    <subfield code="a">Enas</subfield>
    <subfield code="e">Cataloger</subfield>
  </datafield>
  <datafield tag="905" ind1=" " ind2=" ">
    <subfield code="a">Nazla</subfield>
    <subfield code="e">Revisor</subfield>
  </datafield>
  <datafield tag="942" ind1=" " ind2=" ">
    <subfield code="2">ddc</subfield>
    <subfield code="c">TH</subfield>
  </datafield>
  <datafield tag="999" ind1=" " ind2=" ">
    <subfield code="c">59485</subfield>
    <subfield code="d">59485</subfield>
  </datafield>
  <datafield tag="952" ind1=" " ind2=" ">
    <subfield code="2">ddc</subfield>
    <subfield code="7">0</subfield>
    <subfield code="a">CUCL</subfield>
    <subfield code="b">cl210</subfield>
    <subfield code="d">2024-02-11</subfield>
    <subfield code="o">Cai01.11.28.M.Sc.2016.Bi.S</subfield>
    <subfield code="p">01010110070579000</subfield>
    <subfield code="r">2023-09-22 00:00:00</subfield>
    <subfield code="y">TH</subfield>
  </datafield>
  <datafield tag="952" ind1=" " ind2=" ">
    <subfield code="2">ddc</subfield>
    <subfield code="7">0</subfield>
    <subfield code="a">CUCL</subfield>
    <subfield code="b">cl2u8</subfield>
    <subfield code="d">2024-02-11</subfield>
    <subfield code="o">Cai01.11.28.M.Sc.2016.Bi.S</subfield>
    <subfield code="p">01020110070579000</subfield>
    <subfield code="r">2023-09-22 00:00:00</subfield>
    <subfield code="t">70579.CD    </subfield>
    <subfield code="y">CD</subfield>
  </datafield>
</record>
